| 000 | 00443nam a22001697a 4500 | ||
|---|---|---|---|
| 005 | 20230403130438.0 | ||
| 008 | 230328b |||||||| |||| 00| 0 eng d | ||
| 020 | _a978-138-367-64-7 | ||
| 041 | _aeng | ||
| 082 | _a615.6 CHI-N | ||
| 100 |
_aCHIEN, YIE.W _97652 |
||
| 245 | _aNOVEL DRUG DELIVERY SYSTEMS | ||
| 260 |
_aNEW DELHI _bCBS PUBLICATION & DISTRIBUTERS |
||
| 300 | _a797;P. | ||
| 650 |
_aPHARMACY _xB. PHARMA _97653 |
||
| 942 | _cBK | ||
| 999 |
_c8234 _d8232 |
||